| 000 | 00676nam a2200253Ia 4500 | ||
|---|---|---|---|
| 003 | OSt | ||
| 005 | 20221007104712.0 | ||
| 006 | a|||||r|||| 00| 0 | ||
| 007 | ta | ||
| 008 | 221006b |||||||| |||| 00| 0 eng d | ||
| 024 | _a16,573 | ||
| 037 | _cTextual | ||
| 040 |
_aLCO _cLCO _beng |
||
| 041 |
_2eng _aeng |
||
| 082 | _aZ2,51 Oa L, L9 | ||
| 100 |
_aGupta Ram lal _9682571 |
||
| 245 | 0 | _aMedico Legal Aspects of Sexual Offences | |
| 250 | _a2nd | ||
| 260 |
_aLucknow _beastern Book Company India _c1979 |
||
| 300 | _a400 | ||
| 650 |
_aSEXUAL OFFENCES _9703104 |
||
| 942 |
_hZ2,51 Oa L, L9 _cTEXL |
||
| 999 |
_c1186136 _d1186136 |
||